Regional Labour Flows between Manufacturing and Business Services: Reciprocal Integration and Uneven Geography

Analýza vzorca regionálnej pracovnej mobility medzi obchodnými a výrobnými službami švédskych pracovníkov. Zistenia, týkajúce sa výrobno-obchodných prepojení služieb, integrácie a regionálnej zmeny. Charakteristika osôb meniacich oblasť pôsobenia.

Salvato in:
Dettagli Bibliografici
Autore principale: Henning, Martin
Natura: Capitolo di libro
Lingua:inglese
Soggetti:
Tags: Aggiungi Tag
Nessun Tag, puoi essere il primo ad aggiungerne!!

MARC

LEADER 00000naa a2200000 4500
001 0264905
005 20221104111413.9
041 0 |a eng 
044 |a GB 
245 1 0 |a Regional Labour Flows between Manufacturing and Business Services: Reciprocal Integration and Uneven Geography  |c Martin Henning 
520 |a Analýza vzorca regionálnej pracovnej mobility medzi obchodnými a výrobnými službami švédskych pracovníkov. Zistenia, týkajúce sa výrobno-obchodných prepojení služieb, integrácie a regionálnej zmeny. Charakteristika osôb meniacich oblasť pôsobenia. 
610 2 0 |a pohyb síl pracovných 
610 2 0 |a rozdiely regionálne 
610 2 0 |a geografia hospodárska 
610 2 0 |a analýza empirická 
610 2 0 |a služby obchodné 
610 2 0 |a služby výrobné 
100 1 |a Henning, Martin